Towers without “of” - Statistics

General Stats
  • This quiz has been taken 32 times
    21 since last reset
  • The average score is 8 of 13
Answer Stats
Tower % Correct
{Not Even} A Tower
100%
{Maybe} A Tower
89%
{Totally} A Tower
89%
{Will Be} A Tower
89%
{Thanos} Tower
78%
{Was} A Tower
67%
{This Is} A Tower
56%
{Fortunately Not} A Tower
44%
{Is This} A Tower?
44%
{Possibly} A Tower
44%
{Do Dat Look Like} A Tower
22%
{Likely} A Tower
22%
{Wow! Its} A Tower!
22%
No matching quizzes found
Score Distribution
Percent of People with Each Score
Percentile by Number Answered
Your Score History
You have not taken this quiz since the last reset